THE WRIGHT BROTHERS (Record no. 5842)
[ view plain ]
| 000 -LEADER | |
|---|---|
| fixed length control field | 00434nam a22001577a 4500 |
| 020 ## - INTERNATIONAL STANDARD BOOK NUMBER | |
| ISBN | 978-93-5009-345-0 |
| 082 ## - DEWEY DECIMAL CLASSIFICATION NUMBER | |
| Classification number | 920 |
| Item number | BAI/W |
| 100 ## - MAIN ENTRY--AUTHOR NAME | |
| Personal name | BAILEY, GERRY |
| 100 ## - MAIN ENTRY--AUTHOR NAME | |
| Personal name | FOSTER, KAREN |
| 245 ## - TITLE STATEMENT | |
| Title | THE WRIGHT BROTHERS |
| Remainder of title | THE FIRST FLYERS |
| 260 ## - PUBLICATION, DISTRIBUTION, ETC. (IMPRINT) | |
| Place of publication | GURGAON |
| Name of publisher | HACHETTE INDIA |
| Year of publication | 2014 |
| 300 ## - PHYSICAL DESCRIPTION | |
| Number of Pages | 36 |
| 520 ## - SUMMARY, ETC. | |
| Summary, etc | THE FULLY ILLUSTRATED LIFE STORIES OF THE WORLD'S MOST INSPIRING PEOPLE! |
| 650 ## - SUBJECT ADDED ENTRY--TOPICAL TERM | |
| Topical Term | BIOGRAPHY |
| Geographic subdivision | INDIA |
| 942 ## - ADDED ENTRY ELEMENTS (KOHA) | |
| Koha item type | Books |
| Withdrawn status | Lost status | Collection code | Home library | Current library | Shelving location | Date acquired | Source of acquisition | Full call number | Accession Number | Koha item type |
|---|---|---|---|---|---|---|---|---|---|---|
| Non-fiction | Main Library | Main Library | SHELF 15F -I GET IT,BIOGRAPHY FOR CHILDREN (IMPULSE GREAT PEOPLE | 24/04/2015 | purchase | 920 BAI/W | 09280 | Books | ||
| Non-fiction | Main Library | Main Library | SHELF 15F -I GET IT,BIOGRAPHY FOR CHILDREN (IMPULSE GREAT PEOPLE | 27/04/2015 | purchase | 920 BAI/W | 09295 | Books | ||
| Non-fiction | Main Library | Main Library | SHELF 15F -I GET IT,BIOGRAPHY FOR CHILDREN (IMPULSE GREAT PEOPLE | 06/05/2015 | purchase | 920 BAI/W | 09353 | Books | ||
| Non-fiction | Main Library | Main Library | SHELF 15F -I GET IT,BIOGRAPHY FOR CHILDREN (IMPULSE GREAT PEOPLE | 18/03/2022 | purchase | 920 BAI/W | 12486 | Books | ||
| Non-fiction | Main Library | Main Library | SHELF 15F -I GET IT,BIOGRAPHY FOR CHILDREN (IMPULSE GREAT PEOPLE | 23/04/2015 | purchase | 920 BAI/W | 09263 | Books | ||
| Non-fiction | Main Library | Main Library | SHELF 15F -I GET IT,BIOGRAPHY FOR CHILDREN (IMPULSE GREAT PEOPLE | 22/04/2015 | purchase | 920 BAI/W | 09253 | Books |